Entry Personal Name
Number of records used in: 1
001 - CONTROL NUMBER
003 - CONTROL NUMBER IDENTIFIER
005 - DATE AND TIME OF LATEST TRANSACTION
- control field:
20231205105601.0
008 - FIXED-LENGTH DATA ELEMENTS
- fixed length control field:
930811n| azannaab |a aaa
010 ## - LIBRARY OF CONGRESS CONTROL NUMBER
- LC control number:
n 93077314
040 ## - CATALOGING SOURCE
- Original cataloging agency:
DLC
- Transcribing agency:
DLC
- Modifying agency:
DLC
- Description conventions:
rda
100 1# - HEADING--PERSONAL NAME
- Personal name:
Chatterji, Joya
400 0# - SEE FROM TRACING--PERSONAL NAME
- Personal name:
Joya Chatterji
670 ## - SOURCE DATA FOUND
- Source citation:
Bengal divided, 1994:
- Information found:
CIP t.p. (Joya Chatterji)
670 ## - SOURCE DATA FOUND
- Source citation:
Routledge Handbook of the South Asian Diaspora, 2013:
- Information found:
CIP application info. (Joya Chatterji is Reader in Modern South Asian History at the University of Cambridge, UK, and a Fellow of Trinity College)